| 000 | 01221nam a22003497a 4500 | ||
|---|---|---|---|
| 003 | CHAP | ||
| 005 | 20220817044442.0 | ||
| 008 | 110531s1983 mx a r 00010 spa d | ||
| 010 | _a101359 | ||
| 011 | _a102331 | ||
| 035 | _a113019 | ||
| 040 | _cCHAP | ||
| 090 | _aFolleto 17979 | ||
| 100 | 1 |
_aLópez Mayorquin, Natividad. _968106 |
|
| 245 | 1 | 0 |
_aComo cultivar maíz y frijol intercalado de temporal en los valles centrales de Oaxaca _c/por Natividad López Mayorquín |
| 260 |
_aOaxaca, Oax. : _bINIA. Campo Agrícola Experimental Valles Centrales de Oaxaca, _c1983 |
||
| 300 |
_a12 p. : _bilus. |
||
| 490 | 0 |
_aFolleto para productores _v; 2 |
|
| 590 |
_aBATCH-UPD _b10 _c20130110 _lUCH01 _h0856 |
||
| 590 |
_aBATCH-UPD _b10 _c20130410 _lUCH01 _h0527 |
||
| 590 |
_aBATCH-UPD _b10 _c20130914 _lUCH01 _h1123 |
||
| 590 |
_aCONVERSION _b10 _c20130109 _lUCH01 _h1356 |
||
| 650 | 1 | 4 |
_aCultivos asociados. _930370 |
| 650 | 1 | 4 |
_aCultivos intercalados. _930381 |
| 650 | 1 | 4 |
_aCultivos _xOaxaca. _930303 |
| 650 | 1 | 4 |
_aFrijol _xOaxaca. _943414 |
| 650 | 1 | 4 |
_aMaíz _zOaxaca. _971100 |
| 830 | 0 |
_aFolleto para productores _v; 2 |
|
| 901 | _aBK | ||
| 942 | _cFOLL | ||
| 949 |
_aFolleto 17979 _bBC _cFOLL _d33724002247298 _eTS1 _i113019 _sb |
||
| 999 |
_c101359 _d101359 |
||